000 00420nam a2200157Ia 4500
008 151213s9999 xx 000 0 und d
100 _aDaniel O. Connor
245 _aT.S.Eliot , Four Quarters
_cDaniel O. Connor
250 _a5th
260 _aNew Delhi
_bA R T I Book Centre
_c1985
300 _a7082 p.
650 _aEnglish Literature
650 _aEnglish Literature
700 _aDaniel O. Connor
999 _c3750
_d3750